Slovenská voda je na európske pomery kvalitná, a taká by aj mala zostať

Negatívne hospodárenie s vodou na Slovensku v posledných desaťročiach. Hodnotenie kvality povrchových vôd a podzemných vodných zdrojov. Sledovanie kvality pitnej vody. Nedostatočný počet čistiarní odpadových vôd. Spotreba vody v SR. Štátna environmentálna politika. Potreba podnikania v oblasti vodné...

Descrizione completa

Salvato in:
Dettagli Bibliografici
Autore principale: Začková, K.
Natura: Capitolo di libro
Lingua:slovacco
Soggetti:
Tags: Aggiungi Tag
Nessun Tag, puoi essere il primo ad aggiungerne!!

MARC

LEADER 00000naa a2200000 4500
001 r022808
005 20230921075406.5
041 0 |a slo 
044 |a SK 
245 1 0 |a Slovenská voda je na európske pomery kvalitná, a taká by aj mala zostať  |c K. Začková 
520 |a Negatívne hospodárenie s vodou na Slovensku v posledných desaťročiach. Hodnotenie kvality povrchových vôd a podzemných vodných zdrojov. Sledovanie kvality pitnej vody. Nedostatočný počet čistiarní odpadových vôd. Spotreba vody v SR. Štátna environmentálna politika. Potreba podnikania v oblasti vodného hospodárstva. Environmentálne organizácie zamerané na ochranu vôd. 
610 2 0 |a Slovensko 
610 2 0 |a vodohospodárstvo 
610 2 0 |a voda 
610 2 0 |a ochrana prostredia životného 
610 2 0 |a čistota vôd 
610 2 0 |a zdroje vodné 
610 2 0 |a spotreba vody 
610 2 0 |a kvalita vody 
100 1 |a Začková, K.